Development of Risk-Based Asset Management Framework for Highway BOT Projects in Pakistan / (Record no. 540572)

000 -LEADER
fixed length control field 00611nam a22001697a 4500
020 ## - INTERNATIONAL STANDARD BOOK NUMBER
Qualifying information Hard Cover.
082 ## - DEWEY DECIMAL CLASSIFICATION NUMBER
Classification number 200
100 ## - MAIN ENTRY--PERSONAL NAME
Personal name Zaman, Ansar
245 ## - TITLE STATEMENT
Title Development of Risk-Based Asset Management Framework for Highway BOT Projects in Pakistan /
Statement of responsibility, etc. Ansar Zaman
260 ## - PUBLICATION, DISTRIBUTION, ETC.
Place of publication, distribution, etc. Islamabad ;
Name of publisher, distributor, etc. MCE - NUST,
Date of publication, distribution, etc. 2017.
300 ## - PHYSICAL DESCRIPTION
Extent xiv, 112 p. : ill. ;
Dimensions 30cm.
650 ## - SUBJECT ADDED ENTRY--TOPICAL TERM
Topical term or geographic name entry element -MS-Thesis Constructing engineering Management
700 ## - ADDED ENTRY--PERSONAL NAME
Personal name Muhammad Irfan.
856 ## - Uniform Resource Identifier
Uniform Resource Identifier <a href=" http://10.250.8.41:8080/xmlui/handle/123456789/20300"> http://10.250.8.41:8080/xmlui/handle/123456789/20300</a>
942 ## - ADDED ENTRY ELEMENTS (KOHA)
Source of classification or shelving scheme
Koha item type Soft Copy
650 ## - SUBJECT ADDED ENTRY--TOPICAL TERM
-- 126646
700 ## - ADDED ENTRY--PERSONAL NAME
-- 15756
Holdings
Withdrawn status Lost status Source of classification or shelving scheme Damaged status Not for loan Permanent Location Current Location Shelving location Date acquired Full call number Barcode Date last seen Price effective from Koha item type
          Central Library (CL) Central Library (CL) Thesis 10/28/2020 200 CL-T-6414 10/28/2020 10/28/2020 Soft Copy
© 2023 Central Library, National University of Sciences and Technology. All Rights Reserved.